Las noches del insomnio /

Bibliographic Details
Main Author: Santana, Joaquín G.
Format: Book
Language:Spanish
Published: La Habana, Cuba : Editorial Capitán San Luis, 1998.

MARC

Tag First Indicator Second Indicator Subfields
LEADER 00000cam a2200000Ia 4500
001 in00001510321
005 20151021103321.0
008 991105s1998 cu a 000 1 spa d
020 |a 9592111081 
035 |a (OCoLC)ocm42868229 
035 |9 AJL2337AM 
040 |a GZN  |c GZN  |d TXA  |d UtOrBLW 
049 |a TXAM 
090 |a PQ7390.S269  |b N63 1998 
100 1 |a Santana, Joaquín G. 
245 1 4 |a Las noches del insomnio /  |c Joaquín G. Santana. 
246 3 0 |a Insomnio 
264 1 |a La Habana, Cuba :  |b Editorial Capitán San Luis,  |c 1998. 
300 |a 182 pages :  |b illustrations ;  |c 18 cm. 
336 |a text  |b txt  |2 rdacontent 
337 |a unmediated  |b n  |2 rdamedia 
338 |a volume  |b nc  |2 rdacarrier 
500 |a "Premio en el Concurso 'Aniversario del Triunfo de la Revolución' del MININT, 1993"--Title page verso. 
948 |a cataloged  |b h  |c 2000/8/15  |d c  |e jspillan  |f 10:56:56 am 
948 |a Sent to O-CAT for original input 11/99-JL 
994 |a E0  |b TXA 
999 |a MARS 
999 f f |s ae141b1c-b651-33eb-b30a-26c9bef7d319  |i 27b590fc-d366-3ca5-830e-bfdf664fe456  |t 0 
952 f f |p normal  |a Texas A&M University  |b College Station  |c Sterling C. Evans Library  |d Evans: Library Stacks  |t 0  |e PQ7390.S269 N63 1998  |h Library of Congress classification  |i unmediated -- volume  |m A14825479344 
998 f f |a PQ7390.S269 N63 1998  |t 0  |l Evans: Library Stacks